| 000 | 00762nam a22002177a 4500 | ||
|---|---|---|---|
| 005 | 20160129111751.0 | ||
| 008 | 160129b ag ao |r|||| 00| 0 spa d | ||
| 040 |
_aCO-BoIAVH _cCO-BoIAVH |
||
| 041 | 1 |
_aspa _aeng |
|
| 044 | _aag | ||
| 082 | 0 | 4 |
_a333.95816 _bA95s |
| 110 | 2 | _aAves Argentinas - Asociación Ornitológica del Plata | |
| 245 | 1 | 3 | _aUn siglo defendiendo las aves silvestres y sus ambientes |
| 246 | 0 | 2 | _aA century working to protect wild birds and their habitats |
| 260 |
_aArgentina? : _bAves Argentinas, _c[s. f.]. |
||
| 300 |
_a48 páginas : _bilustraciones, fotografías a color ; _c29 x 23 cm. |
||
| 650 | 6 |
_aAves _xConservación |
|
| 650 | 6 |
_aAves _xHabitát |
|
| 650 | 6 |
_aAves _xAmbiente |
|
| 942 |
_2ddc _cLIBRO |
||
| 999 |
_c18046 _d18046 |
||